000 00847nam a2200217Ia 4500
003 OSt
005 20250522120549.0
008 191128t1973 sp er 000 f spa d
020 _a8422606003
040 _aCO-JMCR
_cCO-JMCR
041 _aspa
082 0 4 _aJ-N
_bGODp
100 1 _aGodey, John,
_eautor
_97015
245 0 _aPelham : uno dos tres /
_cJohn Godey
260 _aBarcelona :
_bcírculo de lectores,
_c©1973
300 _a297 páginas ;
_c 20 cm.
500 _aIncluye datos biográficos del autor.
520 _aEscondidos entre la muchedumbre indiferente, cuatro hombres se preparan para dar el golpe de sus vidas: secuestrar el metro de Pelham Bay de la 1.23 p.m. Piden un millón de dólares y han sido muy claros: cada minuto que pase de la hora pactada morirá.
650 1 4 _aNovela estadounidense
_97016
942 _2ddc
_cBK
999 _c3592
_d3592